00681nam a22002057a 450000500170000001000150001702000260003203500140005803700090007208200100008110000340009124500450012526000350017027000400020530000200024565000130026594200240027899900190030295201540032120250319162820.0 aENG-144138 a9788193522431c495.00 aEN-127670 bDBAD a279.3 aSharib, Zahurul Hassan979755 aSufi Language/cby Zahurul Hassan Sharib aAjmerbAsma Publicationsc2019 aSharib House, JhalrabAjmere305001 a249p.c24cm(hb) a 979756 2ddccENmSHAh279.3 c210375d210375 001040708NFICaJPbJPd2025-03-19eDelivery of Books Act Divisiong495.00l0oSHA 279.3pEN-127670r2025-03-19 00:00:00t1v495.00w2025-03-19yEN